| 000 | 00558nam a2200157 i 4500 | ||
|---|---|---|---|
| 001 | 70245 | ||
| 003 | ES-MaACL | ||
| 005 | 20230906170750.0 | ||
| 007 | t| | ||
| 008 | 040721s1927 sp ||||1| spa d | ||
| 100 | 1 |
_aGarcía de Quevedo y Concellón, Eloy. _954494 |
|
| 245 | 1 | 0 |
_aInstituto Nacional de Segunda Enseñanza de Burgos _b: memoria acerca de su estado en el curso académico de 1926 a 1927 / _cpor Eloy García de Quevedo y Concellón. |
| 260 |
_aBurgos : _b[s.n., _c1927] ( _fAldecoa) |
||
| 300 |
_a54 p. ; _c28 cm. |
||
| 852 |
_aES-MaACL _j1724-F-8 |
||
| 999 |
_c70245 _d70245 |
||